[Event "Challenge"]
[Site "http://www.queenalice.com/game.php?id=669405"]
[Date "2009.10.19"]
[Round "-"]
[White "bruhnomp3"]
[Black "ImpostorZ"]
[Result "0-1"]
[WhiteElo "1117"]
[BlackElo "1100"]

1. e4 e5 2. Qh5 d6 3. Qf3 Nf6 4. Bb5+ c6 5. Bd3 Be7 6. b3 O-O 7. Nh3 Bg4 8. Qg3
Qd7 9. f3 Be6 10. Bb2 Qd8 11. f4 Nxe4 12. Bxe4 Bh4 13. Qxh4 Qxh4+ 14. g3 Qd8 15.
Ng5 g6 16. fxe5 Qxg5 17. exd6 Re8 18. O-O Bh3 0-1

[Event "Challenge"]
[Site "http://www.queenalice.com/game.php?id=676782"]
[Date "2009.11.2"]
[Round "-"]
[White "Vladimir"]
[Black "ImpostorZ"]
[Result "0-1"]
[WhiteElo "1697"]
[BlackElo "1770"]

1. d4 d5 2. c4 c6 3. Nc3 h6 4. Nf3 Nf6 5. h3 Ne4 6. cxd5 cxd5 7. Nxe4 dxe4 8.
Ne5 e6 9. a3 Bd6 10. Bf4 O-O 11. e3 Bxe5 12. Bxe5 Nc6 13. Qg4 Nxe5 14. dxe5 Qa5+
15. b4 Qxe5 16. Ra2 Qc3+ 17. Rd2 Rd8 18. Qd1 Bd7 19. Qc2 Qxa3 20. Be2 Ba4 21.
Qb2 Qxb2 22. Rxb2 Rd6 23. O-O Rb6 24. Ra1 Be8 25. Ra5 Rc6 26. Re5 f5 27. f3 exf3
28. Bxf3 Rb6 29. Be2 a5 30. b5 Rd6 31. Bc4 Kf7 32. e4 Kf6 33. Rc5 fxe4 34. Rf2+
Ke7 35. Rc7+ Rd7 36. b6 Rxc7 37. bxc7 Rc8 38. Rf4 Rxc7 39. Rxe4 Bf7 40. Bb5 Rc5
41. Be2 b5 42. Bd1 Rc1 43. Re1 a4 44. Kf1 a3 45. Bb3 Rxe1+ 46. Kxe1 e5 0-1

[Event "Challenge"]
[Site "http://www.queenalice.com/game.php?id=676817"]
[Date "2009.11.3"]
[Round "-"]
[White "Pero"]
[Black "ImpostorZ"]
[Result "1-0"]
[WhiteElo "1938"]
[BlackElo "1855"]

1. e4 e5 2. Nf3 Nc6 3. Nc3 Nf6 4. Bc4 h6 5. Bb5 d6 6. O-O Bd7 7. Re1 a6 8. Bxc6
Bxc6 9. d4 Qe7 10. d5 Bd7 11. Qd3 Nh5 12. h3 g5 13. Nh2 Rg8 14. Qf3 Nf4 15. Bxf4
gxf4 16. Kf1 O-O-O 17. b4 Rg5 18. a4 b6 19. Qd3 Kb7 20. b5 a5 21. Ne2 f5 22.
exf5 Bxf5 23. Qc3 Bd7 24. Nxf4 Qg7 25. h4 Rf5 26. Ne6 Bxe6 27. dxe6 Qf6 28. Nf3
Be7 29. Qc6+ Kb8 30. Rad1 Rg8 31. Rd3 Rf4 32. g3 Rf5 33. Rc3 Bd8 34. Qd5 Re8 35.
Re2 Rxe6 36. g4 Rf4 37. Nh2 e4 38. Rce3 Re5 39. Qb3 Qxh4 40. Rh3 Qg5 41. Rh5 Qg7
42. Rxe5 Qxe5 43. Qg8 Qe7 44. f3 Rf8 45. Qg6 d5 46. Qxh6 Qc5 47. Kg2 exf3+ 48.
Nxf3 Rf6 49. Qh8 Kc8 50. g5 Qc4 51. Nd4 Rf4 52. Rd2 Qc3 53. Qh3+ Qxh3+ 54. Kxh3
Bxg5 55. Rd3 Re4 56. Nc6 Re3+ 57. Kg4 Rxd3 58. cxd3 Bc1 59. Kf5 Kd7 60. Ke5 d4
61. Kxd4 Kd6 62. Kc4 Bb2 63. d4 Bc1 64. Ne5 Ke6 65. Nf3 Kf5 66. Kd5 Bf4 67. Ne5
Bh2 68. Nd7 Kf4 69. Nf6 Kf5 70. Ne8 Bg3 71. Kc6 Ke4 72. d5 Kd4 73. Nxc7 Bxc7 74.
Kxc7 Kxd5 75. Kxb6 1-0

[Event "Challenge"]
[Site "http://www.queenalice.com/game.php?id=678430"]
[Date "2009.11.5"]
[Round "-"]
[White "ImpostorZ"]
[Black "montelo"]
[Result "1-0"]
[WhiteElo "1693"]
[BlackElo "2057"]

1. e4 e5 2. Nf3 Nc6 3. Nc3 Nh6 4. d3 Qf6 5. a3 Bc5 6. Nd5 Qd6 7. c3 Ng4 8. d4
exd4 9. cxd4 Bb6 10. Bc4 Qg6 11. O-O Qxe4 12. Re1 Qxe1+ 13. Qxe1+ Kf8 14. Nxb6
axb6 15. d5 Na5 16. Ba2 d6 17. Qe4 g6 18. h3 Nf6 19. Qd4 Kg7 20. Bg5 1-0

[Event "UTAH XI"]
[Site "http://www.queenalice.com/game.php?id=680693"]
[Date "2009.11.10"]
[Round "-"]
[White "perucona"]
[Black "ImpostorZ"]
[Result "0-1"]
[WhiteElo "1526"]
[BlackElo "1757"]

1. e4 c5 2. d4 cxd4 3. Qxd4 Nc6 4. Qd5 Nf6 5. Qd3 h6 6. Qe2 e5 7. Nf3 Bc5 8. Be3
Qb6 9. b3 d6 10. Bxc5 Qxc5 11. Rg1 Bg4 12. Nbd2 Nd4 13. Qe3 Nxc2+ 14. Ke2 Nxe3
15. fxe3 d5 16. b4 Qc3 17. Rd1 dxe4 18. h3 exf3+ 19. gxf3 Bh5 20. a3 e4 21. Bg2
O-O 22. Nb1 exf3+ 23. Bxf3 Qc4+ 24. Kd2 Bxf3 25. Rdf1 Rad8+ 26. Ke1 Qe2# 0-1

[Event "Challenge"]
[Site "http://www.queenalice.com/game.php?id=684242"]
[Date "2009.11.16"]
[Round "-"]
[White "ImpostorZ"]
[Black "sivic79"]
[Result "1-0"]
[WhiteElo "1816"]
[BlackElo "1865"]

1. d4 d6 2. e4 h6 3. c4 Nf6 4. Nc3 e6 5. Nf3 Be7 6. Bd3 Nc6 7. e5 dxe5 8. dxe5
Nd7 9. Qe2 Bc5 10. O-O O-O 11. Rd1 Qe7 12. a3 f5 13. Bc2 a6 14. b4 Ba7 15. Bb3
Re8 16. b5 axb5 17. cxb5 Na5 18. Ba2 Nc5 19. a4 Nab3 20. Rb1 Nxc1 21. Rbxc1 Bb6
22. Nd4 Qg5 23. Qc2 Ba5 24. Nce2 Bb6 25. Nxf5 Rxa4 26. Ned4 Kh8 27. Ng3 Bd7 28.
Nf3 Qf4 29. Bb1 Kg8 30. Qh7+ Kf8 31. Nh5 Qf7 32. Bg6 Qg8 33. Qxg8+ Ke7 34. Qxg7+
Kd8 35. Bxe8 1-0

[Event "Challenge"]
[Site "http://www.queenalice.com/game.php?id=697967"]
[Date "2009.12.14"]
[Round "-"]
[White "piemme"]
[Black "ImpostorZ"]
[Result "0-1"]
[WhiteElo "1757"]
[BlackElo "1841"]

1. e4 c5 2. c4 e6 3. Nf3 Nc6 4. Bd3 Be7 5. b3 Bf6 6. O-O Bxa1 7. Nc3 e5 8. Ba3
Bxc3 9. dxc3 d6 10. Qd2 Nf6 11. Bc1 Bg4 12. Qg5 Bxf3 13. gxf3 h6 14. Qxg7 Rg8
15. Qxg8+ Nxg8 16. Kh1 Qh4 17. Be3 O-O-O 18. Rg1 Nge7 19. Rg7 Ng6 20. Rxf7 Nf4
21. Bxf4 exf4 22. a4 Ne5 0-1

[Event "Happy 2010"]
[Site "http://www.queenalice.com/game.php?id=707364"]
[Date "2010.1.2"]
[Round "-"]
[White "Gorgona"]
[Black "ImpostorZ"]
[Result "0-1"]
[WhiteElo "1907"]
[BlackElo "1890"]

1. e4 c5 2. Nf3 e6 3. d4 cxd4 4. Nxd4 Bc5 5. a3 e5 6. Nb3 Bb6 7. Bc4 Qf6 8. O-O
Ne7 9. Nc3 a6 10. Nd5 Nxd5 11. Bxd5 O-O 12. c4 d6 13. Be3 Bc7 14. Qd2 h6 15. h3
Nd7 16. Na5 Bxa5 17. b4 Bb6 18. a4 Bxe3 19. Qxe3 Qe7 20. f4 Nf6 21. b5 axb5 22.
cxb5 Be6 23. Bxb7 Qxb7 24. Rfe1 Rfc8 25. b6 Rc4 26. fxe5 dxe5 27. a5 Rxe4 28.
Qa3 Bd5 0-1

[Event "Happy 2010"]
[Site "http://www.queenalice.com/game.php?id=707365"]
[Date "2010.1.2"]
[Round "-"]
[White "ImpostorZ"]
[Black "Gorgona"]
[Result "1-0"]
[WhiteElo "1855"]
[BlackElo "1909"]

1. e4 e5 2. Nf3 d6 3. h3 Nc6 4. Bc4 h6 5. a3 Nf6 6. d3 Na5 7. Ba2 c5 8. b4 cxb4
9. axb4 Nc6 10. c3 b5 11. Bd2 Be7 12. Na3 a6 13. Rc1 O-O 14. O-O Nh7 15. Bd5 Bb7
16. c4 bxc4 17. Rxc4 Qd7 18. Qc2 Nf6 19. Bxc6 Bxc6 20. Rxc6 Rfc8 21. Rxc8+ Rxc8
22. Qb3 Qb7 23. Nc4 Rb8 24. Rc1 Nd7 25. Na5 Qb5 26. Nc6 Re8 27. Nxe7+ Rxe7 28.
Rc8+ Kh7 29. Nh4 Nf6 30. Nf5 Rd7 31. Rf8 Qb7 32. g4 g6 33. Nxh6 Kg7 34. g5 Kxf8
35. gxf6 d5 36. Ng4 dxe4 37. Nxe5 Rd6 38. Bh6+ Kg8 39. dxe4 Rxf6 40. Qc3 Re6 41.
Nd7 1-0

[Event "Challenge"]
[Site "http://www.queenalice.com/game.php?id=707852"]
[Date "2010.1.3"]
[Round "-"]
[White "ImpostorZ"]
[Black "sivic79"]
[Result "1-0"]
[WhiteElo "1880"]
[BlackElo "1958"]

1. e4 e6 2. d4 d5 3. e5 c5 4. c3 h6 5. Bd3 cxd4 6. cxd4 Bb4+ 7. Nc3 Ne7 8. Qa4+
Nbc6 9. Ne2 Bd7 10. Qb3 O-O 11. O-O Rb8 12. Be3 a6 13. Bb1 f5 14. exf6 Rxf6 15.
Qc2 Ng6 16. Ng3 Nce7 17. a3 Bd6 18. f4 Nf5 19. Nxf5 Rxf5 20. Qd2 Rf6 21. Rf2 b5
22. b4 Qc7 23. Ne2 Rbf8 24. g3 Ne7 25. Nc1 Rc8 26. Nd3 Nf5 27. Nc5 Nxe3 28. Qxe3
Bxc5 29. dxc5 Qc6 30. Qd3 a5 31. Bc2 a4 32. Qh7+ Kf7 33. Re1 Qa8 34. Qd3 Kg8 35.
Qf3 Rcf8 36. Re5 Bc6 37. Qe2 Qd8 38. Rxe6 Ba8 39. Re5 Bc6 40. Bb1 Qd7 41. Ba2
Kh8 42. Qd3 Rd8 43. Rfe2 Qf7 44. Bb1 g6 45. Qd4 Kg8 46. Ba2 Kh8 47. Re6 Kg8 48.
Rxf6 Qd7 49. Rxg6+ Kh7 50. Ree6 1-0

[Event "Challenge"]
[Site "http://www.queenalice.com/game.php?id=707887"]
[Date "2010.1.3"]
[Round "-"]
[White "leoreis"]
[Black "ImpostorZ"]
[Result "0-1"]
[WhiteElo "1781"]
[BlackElo "1857"]

1. d4 d5 2. Nf3 Bf5 3. e3 a6 4. Be2 h6 5. O-O Nf6 6. Nc3 e6 7. a3 Nbd7 8. Nh4
Bh7 9. f4 c5 10. Na4 cxd4 11. exd4 Rc8 12. c3 b5 13. Nc5 Nxc5 14. dxc5 Bxc5+ 15.
Kh1 Ne4 16. Nf3 Nf2+ 17. Rxf2 Bxf2 18. g3 O-O 19. Kg2 Bb6 20. a4 Qd7 21. Ne5 Qe8
22. Qb3 f6 23. Nf3 Be4 24. Kf1 Qh5 25. Kg2 g5 26. fxg5 fxg5 27. c4 g4 0-1

[Event "Challenge"]
[Site "http://www.queenalice.com/game.php?id=711838"]
[Date "2010.1.11"]
[Round "-"]
[White "ymfrancois"]
[Black "ImpostorZ"]
[Result "1/2-1/2"]
[WhiteElo "1849"]
[BlackElo "1861"]

1. e4 e6 2. d4 b6 3. e5 Bb7 4. Nf3 c5 5. c3 Bxf3 6. Qxf3 Nc6 7. Be3 a6 8. Be2
cxd4 9. Bxd4 Nge7 10. O-O Nf5 11. Qf4 d6 12. Bf3 d5 13. Nd2 Be7 14. Bg4 Bg5 15.
Qf3 Nfxd4 16. cxd4 Bxd2 17. Qd3 Bg5 18. f4 Bh6 19. a3 g6 20. b4 Ne7 21. b5 a5
22. a4 O-O 23. Bh3 Rc8 24. g4 Qd7 25. f5 Rc4 26. f6 Nc8 27. Rfd1 Na7 28. Bf1
Rfc8 29. Qh3 Bf8 30. Bxc4 dxc4 31. Ra2 Qd5 32. Rc2 Qe4 33. Rcc1 Qf4 34. Rc3 Bb4
35. Rf3 Qg5 36. Rf2 c3 37. Rc2 Rc4 38. Qg3 Nc8 39. h4 Qh6 40. h5 g5 41. Kg2 Qf8
42. Kh3 h6 43. Qd3 Rc7 44. d5 Rd7 45. d6 Na7 46. Qe3 Qb8 47. Qd3 Qb7 48. Kg3 Nc8
49. Kh3 Qb8 50. Kg3 1/2-1/2

[Event "Challenge"]
[Site "http://www.queenalice.com/game.php?id=712138"]
[Date "2010.1.11"]
[Round "-"]
[White "ImpostorZ"]
[Black "extermination"]
[Result "0-1"]
[WhiteElo "1870"]
[BlackElo "1856"]

1. e4 e5 2. Nf3 Nc6 3. Bc4 Nf6 4. d3 Bc5 5. a3 Nd4 6. Nxe5 O-O 7. Nf3 d6 8. h3
Be6 9. b4 Nxf3+ 10. Qxf3 Bd4 11. c3 Bb6 12. Nd2 Bxc4 13. Nxc4 d5 0-1

[Event "Challenge"]
[Site "http://www.queenalice.com/game.php?id=712550"]
[Date "2010.1.12"]
[Round "-"]
[White "extermination"]
[Black "ImpostorZ"]
[Result "1-0"]
[WhiteElo "1838"]
[BlackElo "1888"]

1. e4 c5 2. Nf3 b6 3. d4 cxd4 4. Qxd4 Nc6 5. Qd5 Nf6 6. Qb3 e6 7. Bg5 Be7 8. c3
Nxe4 9. Bxe7 Qxe7 10. Bd3 Nc5 11. Qc4 Nxd3+ 12. Qxd3 Bb7 13. Nbd2 1-0

[Event "Challenge"]
[Site "http://www.queenalice.com/game.php?id=712562"]
[Date "2010.1.12"]
[Round "-"]
[White "ImpostorZ"]
[Black "extermination"]
[Result "0-1"]
[WhiteElo "1853"]
[BlackElo "1873"]

1. d4 d5 2. h3 Nc6 3. Nf3 Nf6 4. Bf4 Bf5 5. a3 e6 6. Nh4 Nxd4 7. Qxd4 Be7 8.
Nxf5 exf5 9. e3 O-O 10. Nc3 Ne4 11. Nb5 Bd6 0-1

[Event "Challenge"]
[Site "http://www.queenalice.com/game.php?id=718398"]
[Date "2010.1.22"]
[Round "-"]
[White "Toru"]
[Black "ImpostorZ"]
[Result "1-0"]
[WhiteElo "1811"]
[BlackElo "1908"]

1. d4 e6 2. c4 b6 3. Nc3 Bb7 4. e4 Bb4 5. Bd3 Nf6 6. Bg5 h6 7. Bxf6 Qxf6 8. Nf3
Nc6 9. O-O Nxd4 10. Nxd4 Qxd4 11. Qc2 c6 12. Ne2 Qf6 13. f4 O-O 14. e5 Qe7 15.
a3 Bc5+ 16. Kh1 1-0

[Event "Challenge"]
[Site "http://www.queenalice.com/game.php?id=722554"]
[Date "2010.1.29"]
[Round "-"]
[White "ImpostorZ"]
[Black "Nyvang"]
[Result "1-0"]
[WhiteElo "1838"]
[BlackElo "1869"]

1. e4 g6 2. d4 b6 3. c4 Bb7 4. d5 d6 5. Bd2 Bg7 6. Bc3 Nf6 7. Bd3 O-O 8. Nf3 c6
9. Nbd2 cxd5 10. cxd5 Nbd7 11. b4 Re8 12. O-O e6 13. dxe6 fxe6 14. Qc2 e5 15.
Ng5 d5 16. Qb3 Kh8 17. exd5 Rf8 18. Bc4 Nc5 19. bxc5 Bxd5 20. Rad1 h6 21. Nge4
Bxc4 22. Qxc4 Qc7 23. Nxf6 Bxf6 24. Ne4 Be7 25. Rd5 Rf5 26. Ng3 Rf4 27. Qxf4 1-0

[Event "Challenge"]
[Site "http://www.queenalice.com/game.php?id=730230"]
[Date "2010.2.11"]
[Round "-"]
[White "ImpostorZ"]
[Black "leoreis"]
[Result "1-0"]
[WhiteElo "1861"]
[BlackElo "1803"]

1. e4 e5 2. a3 Nf6 3. Nc3 Bc5 4. h3 O-O 5. d3 h6 6. Na4 Be7 7. Be3 d5 8. exd5
Nxd5 9. Bd2 Nc6 10. Ne2 b5 11. Nac3 Be6 12. g3 a6 13. Bg2 Qd7 14. Ne4 f5 15.
N4c3 f4 16. Be4 fxg3 17. fxg3 Nf6 18. Bg2 Nd5 19. Qc1 Bc5 20. Ne4 Bb6 21. N2c3
Bd4 22. Nxd5 Bxd5 23. Be3 Bxe3 24. Qxe3 Nd4 25. O-O-O c6 26. g4 Qa7 27. Qd2 Rad8
28. g5 h5 29. g6 Nf5 30. Rde1 Qe7 31. h4 Nxh4 32. Rh2 Nf3 33. Bxf3 Rxf3 34. Qe2
Rdf8 35. Rxh5 Bxe4 36. Rh8+ 1-0